000 00483nam a2200193 a 4500
001 7297
003 CO-ViMGA
008 141112s2004 ck r 000 u spa d
040 _aCO-ViMGA
_bspa
_cCO-ViMGA
082 0 4 _aIONa
100 1 _aIonescu, Ángela C
_951078
245 1 0 _aArriba, en el monte
250 _a2a
260 _aBarcelona :
_bLabor,
_c1985
300 _a105 p : il
490 _aLabor bolsillo juvenil, 26
650 1 4 _aCUENTOS INFANTILES
_92743
942 _2ddc
_cBK
999 _c19256
_d19256